Practical nucleonics; (Record no. 8712)
[ view plain ]
| 000 -LEADER | |
|---|---|
| fixed length control field | 00732nam a22002171 4500 |
| 001 - CONTROL NUMBER | |
| control field | 1694365 |
| 003 - CONTROL NUMBER IDENTIFIER | |
| control field | OSt |
| 005 - DATE AND TIME OF LATEST TRANSACTION | |
| control field | 20240624095007.0 |
| 008 - FIXED-LENGTH DATA ELEMENTS--GENERAL INFORMATION | |
| fixed length control field | 850314s1960 enka 000 0 eng |
| 010 ## - LIBRARY OF CONGRESS CONTROL NUMBER | |
| LC control number | 61001769 |
| 040 ## - CATALOGING SOURCE | |
| Original cataloging agency | DLC/ICU |
| Transcribing agency | must |
| Modifying agency | DLC |
| 082 00 - DEWEY DECIMAL CLASSIFICATION NUMBER | |
| Classification number | 539 PEA 1964 |
| 100 1# - MAIN ENTRY--PERSONAL NAME | |
| Personal name | Pearson, F. J. |
| Fuller form of name | (Frederick John) |
| 9 (RLIN) | 17610 |
| 245 10 - TITLE STATEMENT | |
| Title | Practical nucleonics; |
| Remainder of title | a course of experiments in nuclear physics, |
| Statement of responsibility, etc. | by F.J. Pearson and R.R. Osborne. |
| 260 ## - PUBLICATION, DISTRIBUTION, ETC. (IMPRINT) | |
| Place of publication, distribution, etc. | London, |
| Name of publisher, distributor, etc. | E. & F.N. Spon, |
| Date of publication, distribution, etc. | 1960. |
| 300 ## - PHYSICAL DESCRIPTION | |
| Extent | 208 p. |
| Other physical details | illus. |
| Dimensions | 22 cm. |
| 650 #0 - SUBJECT ADDED ENTRY--TOPICAL TERM | |
| Topical term or geographic name as entry element | Nuclear physics |
| General subdivision | Experiments. |
| 9 (RLIN) | 17611 |
| 700 1# - ADDED ENTRY--PERSONAL NAME | |
| Personal name | Osborne, R. R. |
| Fuller form of name | (Ronald Roy), |
| Relator term | joint author. |
| 9 (RLIN) | 17612 |
| 906 ## - LOCAL DATA ELEMENT F, LDF (RLIN) | |
| a | 7 |
| b | cbc |
| c | orignew |
| d | u |
| e | ocip |
| f | 19 |
| g | y-gencatlg |
| 942 ## - ADDED ENTRY ELEMENTS (KOHA) | |
| Source of classification or shelving scheme | Dewey Decimal Classification |
| Koha item type | Open Shelf |
| Withdrawn status | Lost status | Source of classification or shelving scheme | Damaged status | Not for loan | Home library | Current library | Date acquired | Source of acquisition | Inventory number | Total Checkouts | Full call number | Barcode | Date last seen | Price effective from | Koha item type |
|---|---|---|---|---|---|---|---|---|---|---|---|---|---|---|---|
| Other/Generic Classification Scheme | MUST Main Library | MUST Main Library | 24/06/2024 | purchase | 2000/14356 | 539 PEA 1964 | 2024-21034 | 24/06/2024 | 24/06/2024 | Open Shelf |
